[Event "Bad Woerishofen open"]
[Site "Bad Woerishofen"]
[Date "2004.03.20"]
[Round "3"]
[White "Koscielski, Janusch"]
[Black "Ruck, Robert"]
[Result "0-1"]
[WhiteElo "2318"]
[BlackElo "2556"]
[PlyCount "124"]
[EventDate "2004.03.19"]

1. e4 c5 2. Nf3 d6 3. c3 Nf6 4. Be2 Nbd7 5. d3 b6 6. O-O Bb7 7. Nbd2 g6 8. Re1
Bg7 9. Nf1 O-O 10. Ng3 Qc7 11. Bf1 Rac8 12. h3 Rfe8 13. Nh2 e5 14. Ng4 Nxg4 15.
Qxg4 d5 16. h4 h5 17. Qf3 d4 18. Ne2 dxc3 19. Nxc3 Nf8 20. Be3 Ne6 21. Rac1 Qd7
22. g3 Rcd8 23. Qd1 Kh7 24. Rc2 Bh6 25. b3 Qe7 26. Bg2 Nc7 27. Rd2 Rd7 28. Qb1
Red8 29. a3 Qf8 30. b4 Bxe3 31. fxe3 c4 32. Red1 Qh6 33. Kf2 g5 34. hxg5 Qxg5
35. Bh3 Rxd3 36. Rxd3 cxd3 37. Rxd3 h4 38. Bf5+ Kg7 39. g4 Ne8 40. Qd1 Rxd3 41.
Qxd3 Nf6 42. Kf3 h3 43. Qe2 Qh4 44. Qf2 Qh6 45. Qh2 Kf8 46. b5 Kg8 47. a4 Kf8
48. Nd1 Nxe4 49. Bxe4 Qf6+ 50. Ke2 Bxe4 51. Qxh3 Bd5 52. Nc3 Bc4+ 53. Ke1 Kg7
54. Ne2 Qg6 55. Qg2 Qb1+ 56. Kf2 Qb2 57. Qf3 e4 58. Qxe4 Qxe2+ 59. Kg3 Qe1+ 60.
Kh2 Qf2+ 61. Kh1 Be6 62. Qd4+ Qf6 0-1

[Event "Bad Woerishofen open"]
[Site "?"]
[Date "2004.03.21"]
[Round "4"]
[White "Trabert, Bettina"]
[Black "Heika, Martin"]
[Result "1-0"]
[WhiteElo "2247"]
[BlackElo "2342"]
[PlyCount "77"]

1. e4 e6 2. d4 d5 3. Nd2 c5 4. exd5 exd5 5. Ngf3 Nc6 6. Bb5 Bd6 7. dxc5 Bxc5 8.
O-O Nge7 9. Nb3 Bd6 10. c3 O-O 11. Re1 Bg4 12. Be2 Qd7 13. Nfd4 Bxe2 14. Rxe2
Rfe8 15. Be3 Ne5 16. Nd2 N7g6 17. h3 Bb8 18. N4f3 Nd3 19. Nf1 Ndf4 20. Rd2 h6
21. c4 Rd8 22. Bxf4 Nxf4 23. Ne3 Qe7 24. Nxd5 Nxd5 25. Rxd5 Rxd5 26. cxd5 Qb4
27. Qd4 Qxd4 28. Nxd4 Be5 29. Nf3 Bd6 30. Kf1 Rc8 31. Rd1 Rc2 32. Rd2 Rc1+ 33.
Ke2 Bb4 34. Rd4 Bc5 35. Rd3 Bd6 36. Rc3 Rb1 37. Rc2 Kf8 38. Nd2 Ke7 39. Nxb1
1-0

[Event "Bad Woerishofen open"]
[Site "?"]
[Date "2004.03.21"]
[Round "4"]
[White "Teske, Henrik"]
[Black "Poulsen, Martin"]
[Result "1-0"]
[WhiteElo "2526"]
[BlackElo "2274"]
[PlyCount "97"]

1. c4 e5 2. Nc3 Bb4 3. g3 Bxc3 4. bxc3 d6 5. Bg2 f5 6. d4 Qe7 7. c5 dxc5 8. Ba3
Nd7 9. Qa4 c6 10. Nf3 Ngf6 11. O-O O-O 12. Nxe5 Re8 13. Nxd7 Qxd7 14. Bxc5 Rxe2
15. Rae1 Qe6 16. Qd1 Rxe1 17. Rxe1 Qxa2 18. d5 Bd7 19. Re7 Re8 20. Rxd7 Nxd7
21. dxc6 bxc6 22. Bxc6 Nf6 23. Bxe8 Nxe8 24. Qd7 Nf6 25. Qc8+ Kf7 26. Qc7+ Kg6
27. Bxa7 f4 28. gxf4 Qe6 29. f5+ Kxf5 30. Be3 Kg6 31. Qg3+ Kf7 32. Qf4 Kg8 33.
Bd4 Nd5 34. Qg5 Qe1+ 35. Kg2 Qe4+ 36. Kg3 Qd3+ 37. f3 Qg6 38. Qxg6 hxg6 39. c4
Nb4 40. Kf4 Kf7 41. Ke4 g5 42. Kf5 Nc2 43. Bf2 Nb4 44. Kxg5 Nd3 45. Bg3 Nb4 46.
h4 g6 47. f4 Nc2 48. Bf2 Nb4 49. f5 1-0

[Event "Bad Woerishofen open"]
[Site "?"]
[Date "2004.03.21"]
[Round "4"]
[White "Levin, Felix"]
[Black "Berczes, David"]
[Result "1-0"]
[WhiteElo "2481"]
[BlackElo "2305"]
[PlyCount "65"]

1. Nf3 Nf6 2. c4 e6 3. g3 d5 4. b3 d4 5. Bg2 c5 6. e3 Nc6 7. exd4 cxd4 8. O-O
Nd7 9. d3 Be7 10. Na3 e5 11. Nc2 O-O 12. Re1 f6 13. a3 a5 14. Rb1 Nc5 15. b4
axb4 16. axb4 Na4 17. Bd2 Bf5 18. Rb3 Qd7 19. c5 Na7 20. Na3 Be6 21. Rb1 Rfd8
22. Qc2 b6 23. Nxe5 fxe5 24. c6 Qd6 25. c7 Rdc8 26. Bxa8 Rxa8 27. Qxa4 Qd5 28.
Nc4 b5 29. Nb6 Qc6 30. Qa6 Qf3 31. Rxe5 Bh3 32. Qa2+ Kh8 33. Qd5 1-0

[Event "Bad Woerishofen open"]
[Site "?"]
[Date "2004.03.21"]
[Round "4"]
[White "Schippan, Bernhard"]
[Black "Korchnoi, Viktor"]
[Result "1/2-1/2"]
[WhiteElo "2265"]
[BlackElo "2569"]
[PlyCount "71"]

1. e4 e6 2. d4 d5 3. Nd2 c5 4. exd5 Qxd5 5. Ngf3 cxd4 6. Bc4 Qc5 7. Qe2 Nc6 8.
O-O Nf6 9. Nb3 Qb6 10. Bg5 h6 11. Bxf6 gxf6 12. Rad1 Bd7 13. Nfxd4 Ne5 14. Bb5
O-O-O 15. Bxd7+ Rxd7 16. Nf3 Bd6 17. Nxe5 Bxe5 18. Rxd7 Kxd7 19. Rd1+ Ke7 20.
c3 a5 21. Qc4 Bd6 22. Qe4 Rd8 23. Rd2 Rd7 24. g3 Qb5 25. Nd4 Qe5 26. Qd3 Qg5
27. Nb5 Qc5 28. Nxd6 Rxd6 29. Qxd6+ Qxd6 30. Rxd6 Kxd6 31. Kf1 f5 32. Ke2 Kd5
33. Ke3 Kc5 34. Kd3 b6 35. b3 b5 36. Ke3 1/2-1/2

[Event "Bad Woerishofen open"]
[Site "?"]
[Date "2004.03.21"]
[Round "4"]
[White "Eingorn, Viacheslav"]
[Black "Skembris, Spyridon"]
[Result "1/2-1/2"]
[WhiteElo "2600"]
[BlackElo "2442"]
[PlyCount "40"]

1. d4 d5 2. Nf3 Nf6 3. c4 e6 4. Bg5 Be7 5. Nc3 h6 6. Bh4 O-O 7. e3 Ne4 8. Bxe7
Qxe7 9. cxd5 Nxc3 10. bxc3 exd5 11. Bd3 c5 12. O-O Nc6 13. a4 Bg4 14. h3 Bh5
15. Re1 Rad8 16. Rb1 c4 17. Bf5 b6 18. e4 Qf6 19. g4 dxe4 20. Bxe4 Bg6 1/2-1/2

[Event "Bad Woerishofen open"]
[Site "?"]
[Date "2004.03.21"]
[Round "4"]
[White "Ruck, Robert"]
[Black "Seel, Christian"]
[Result "1/2-1/2"]
[WhiteElo "2556"]
[BlackElo "2380"]
[PlyCount "92"]

1. d4 Nf6 2. Nf3 g6 3. c4 Bg7 4. g3 c6 5. Nc3 d5 6. Qb3 O-O 7. Bg2 a5 8. cxd5
Nxd5 9. O-O Nxc3 10. bxc3 b5 11. Ne5 Be6 12. Qc2 Ra6 13. Bf4 Qc8 14. Nd3 Bh3
15. Bxh3 Qxh3 16. Nc5 Ra7 17. Qe4 Qf5 18. Qxf5 gxf5 19. a4 b4 20. Rab1 Nd7 21.
cxb4 axb4 22. Rxb4 Bxd4 23. Nxd7 Rxd7 24. Rc1 Rc8 25. a5 e5 26. Bg5 Kg7 27.
Rcc4 Rd5 28. Ra4 f6 29. Bc1 Ra8 30. e3 Bc5 31. Kf1 Ra6 32. Ke2 Be7 33. Bd2 Bd8
34. Rc2 Rb5 35. Rac4 Kf7 36. Ra2 Bc7 37. Rb4 Rxb4 38. Bxb4 c5 39. Bc3 Ke6 40.
Kd3 Kd5 41. Ra4 e4+ 42. Kc2 Kc6 43. Ra1 Kb5 44. Rb1+ Kc6 45. Ra1 Kb5 46. Rb1+
Kc6 1/2-1/2

[Event "Bad Woerishofen open"]
[Site "?"]
[Date "2004.03.??"]
[Round "4"]
[White "Dittmar, Peter"]
[Black "Savchenko, Stanislav"]
[Result "1/2-1/2"]
[WhiteElo "2369"]
[BlackElo "2543"]
[PlyCount "44"]

1. Nf3 d5 2. d4 Nf6 3. c4 c6 4. cxd5 cxd5 5. Nc3 Nc6 6. Bf4 a6 7. Rc1 Bf5 8. a3
e6 9. e3 Bd6 10. Bxd6 Qxd6 11. Bd3 Bg4 12. h3 Bh5 13. O-O O-O 14. b4 Rac8 15.
Be2 a5 16. Nb5 Qe7 17. bxa5 Nxa5 18. Rxc8 Rxc8 19. Ne5 Bxe2 20. Qxe2 Ne4 21.
Rb1 h6 22. Qe1 Nc4 1/2-1/2

[Event "Bad Woerishofen open"]
[Site "?"]
[Date "2004.03.21"]
[Round "4"]
[White "Ivanov, Michail"]
[Black "Burmakin, Vladimir"]
[Result "1/2-1/2"]
[WhiteElo "2421"]
[BlackElo "2596"]
[PlyCount "68"]

1. d4 d6 2. e4 c6 3. c4 e5 4. d5 Be7 5. Nf3 Bg4 6. Nc3 Nd7 7. Be2 Ngf6 8. Be3
O-O 9. h3 Bh5 10. Nd2 Bxe2 11. Qxe2 Ne8 12. O-O Bg5 13. dxc6 bxc6 14. b4 Bxe3
15. fxe3 Qb6 16. a3 a5 17. Na4 Qb7 18. b5 Nc7 19. Rab1 Ne6 20. Qd3 Rfd8 21. Nb3
Nf6 22. b6 c5 23. Nd2 Ra6 24. Rb5 Qc6 25. Rxf6 gxf6 26. Nb1 Rb8 27. Nbc3 Qd7
28. Nd5 Qd8 29. Qf1 Kg7 30. Qf5 Nf8 31. h4 Nd7 32. h5 h6 33. Qg4+ Kh8 34. Qf5
Kg7 {und remis im 38.Zug} 1/2-1/2

[Event "Bad Woerishofen sen"]
[Site "?"]
[Date "2004.03.21"]
[Round "4"]
[White "Zunker, Reinhard"]
[Black "Walther, Diethelm"]
[Result "0-1"]
[WhiteElo "2210"]
[BlackElo "2161"]
[PlyCount "104"]

1. e4 c5 2. Nf3 Nc6 3. Nc3 g6 4. d4 cxd4 5. Nxd4 Bg7 6. Be3 Nf6 7. Bc4 Qa5 8.
O-O d6 9. h3 O-O 10. a3 Bd7 11. Qd2 Nxd4 12. Qxd4 Ng4 13. Qd5 Bxc3 14. hxg4 Qc7
15. bxc3 Be6 16. Qd4 Qxc4 17. Rfb1 b6 18. f3 Rfc8 19. Qxc4 Rxc4 20. Bd2 Rac8
21. Rb4 Bd7 22. Kf2 b5 23. Ke2 a5 24. Rxc4 Rxc4 25. Rd1 f5 26. gxf5 gxf5 27.
exf5 Bxf5 28. Rb1 Bd7 29. Be1 Kf7 30. Kd2 Ra4 31. Rb3 e5 32. Kc1 Ke6 33. Kd2
Kd5 34. Ke3 Kc5 35. Bd2 Bf5 36. Bc1 Bxc2 37. Rb2 Bg6 38. Rd2 d5 39. g3 d4+ 40.
cxd4+ exd4+ 41. Kf4 d3+ 42. Ke3 Rc4 43. Bb2 h5 44. Bf6 Rc1 45. Kf4 Kc4 46. Kg5
Rc2 47. Rd1 Be8 48. Bd8 b4 49. Bxa5 bxa3 50. Bd8 d2 51. g4 hxg4 52. fxg4 a2 0-1

[Event "Bad Woerishofen sen"]
[Site "?"]
[Date "2004.03.21"]
[Round "4"]
[White "Igney, Volkard"]
[Black "Kasueschke, Gregor"]
[Result "1/2-1/2"]
[WhiteElo "2230"]
[BlackElo "2197"]
[PlyCount "75"]

1. d4 d5 2. c4 c6 3. Nf3 Nf6 4. e3 e6 5. Nbd2 Nbd7 6. b3 Bb4 7. Qc2 Ne4 8. Bd3
f5 9. O-O O-O 10. Bb2 Qf6 11. a3 Bd6 12. Rfe1 a5 13. Nf1 g5 14. Re2 Rf7 15. Ne1
g4 16. Bxe4 fxe4 17. g3 Nf8 18. Ng2 Ng6 19. Nf4 Bd7 20. b4 axb4 21. axb4 Rxa1
22. Bxa1 Nxf4 23. exf4 Bxb4 24. Qb3 c5 25. cxd5 exd5 26. Qxd5 Bc6 27. Qb3 Qd6
28. dxc5 Qxc5 29. Rc2 Qd6 30. Rc4 Ba5 31. Qb2 Kf8 32. Qh8+ Ke7 33. Bd4 Kd7 34.
Be5 Qf8 35. Qxf8 Rxf8 36. Ne3 h5 37. Bc3 Bb6 38. Bd4 {
Rest nicht rekonstruierbar!} 1/2-1/2

[Event "Bad Woerishofen open"]
[Site "?"]
[Date "2004.03.21"]
[Round "4"]
[White "Wohl, Alexandar"]
[Black "Kummerow, Heiko"]
[Result "0-1"]
[WhiteElo "2398"]
[BlackElo "2271"]
[PlyCount "46"]

1. b3 d5 2. Bb2 Nf6 3. e3 c6 4. Nf3 Bf5 5. d3 e6 6. Nbd2 a5 7. a3 Nbd7 8. h3 h6
9. g4 Bh7 10. Bg2 Bd6 11. e4 dxe4 12. dxe4 Bc5 13. Qe2 Qc7 14. O-O O-O 15. Ne1
Rfe8 16. Nd3 Ba7 17. Kh1 e5 18. h4 Nf8 19. Qf3 Ng6 20. Qg3 Rad8 21. h5 Nf4 22.
Bxe5 Rxe5 23. Qxf4 Rxd3 0-1

[Event "Bad Woerishofen open"]
[Site "?"]
[Date "2004.03.21"]
[Round "4"]
[White "Hedke, Fred"]
[Black "Schaefer, Michael"]
[Result "1-0"]
[WhiteElo "2356"]
[BlackElo "2179"]
[PlyCount "71"]

1. e4 Nf6 2. e5 Nd5 3. d4 d6 4. c4 Nb6 5. f4 dxe5 6. fxe5 Bf5 7. Nc3 e6 8. Nf3
Nc6 9. Be3 Be7 10. d5 exd5 11. cxd5 Nb4 12. Nd4 Qc8 13. a3 Bg4 14. Qb3 Na6 15.
Bb5+ c6 16. Bxa6 bxa6 17. Nxc6 Bh4+ 18. g3 Qf5 19. Kd2 Bg5 20. Rhf1 Bxe3+ 21.
Kxe3 Qg5+ 22. Rf4 O-O 23. Kf2 Bd7 24. h4 Qh6 25. Ne7+ Kh8 26. Re1 Rab8 27. Qc2
Nc8 28. Nxc8 Rbxc8 29. Kg2 Bb5 30. Qf2 Kg8 31. Qxa7 Rc4 32. Qe3 Qg6 33. Rxc4
Bxc4 34. Qe4 Qxe4+ 35. Rxe4 Bb3 36. Rb4 1-0

[Event "Bad Woerishofen open"]
[Site "?"]
[Date "2004.03.21"]
[Round "4"]
[White "Senff, Martin"]
[Black "Vrana, Frantisek"]
[Result "1-0"]
[WhiteElo "2443"]
[BlackElo "2301"]
[PlyCount "45"]

1. e4 e6 2. d4 d5 3. Nc3 Nf6 4. Bg5 Bb4 5. e5 h6 6. Bd2 Bxc3 7. bxc3 Ne4 8. Qg4
g6 9. Bd3 Nxd2 10. Kxd2 c5 11. h4 Nc6 12. Nf3 Qa5 13. Qf4 cxd4 14. h5 gxh5 15.
Ke2 Qxc3 16. Rab1 b6 17. Rxh5 Bd7 18. Qf6 Rf8 19. Rxh6 Nb4 20. Rh8 Nxd3 21.
Rxf8+ Kxf8 22. cxd3 Qc2+ 23. Nd2 1-0

[Event "Bad Woerishofen open"]
[Site "?"]
[Date "2004.03.21"]
[Round "4"]
[White "Grosser, Walter"]
[Black "Schelle, Artur"]
[Result "0-1"]
[WhiteElo "2101"]
[BlackElo "2279"]
[PlyCount "60"]

1. d4 f5 2. Nf3 Nf6 3. g3 g6 4. Bg2 Bg7 5. O-O O-O 6. c3 e6 7. Bg5 d6 8. Nbd2
h6 9. Bxf6 Qxf6 10. e4 e5 11. dxe5 dxe5 12. exf5 gxf5 13. Qb3+ Kh8 14. Rfe1 Nc6
15. Nh4 Rb8 16. Rad1 a6 17. Nc4 e4 18. Ne3 Be6 19. Qc2 Ne5 20. Nd5 Qf7 21. Ne3
Rg8 22. Bxe4 fxe4 23. Qxe4 Bf6 24. Nhf5 Bxf5 25. Nxf5 Qg6 26. Qf4 Qg5 27. Qe4
Rbd8 28. h4 Qh5 29. Kg2 Ng6 30. Qc2 Qxf5 0-1

[Event "Bad Woerishofen open"]
[Site "?"]
[Date "2004.03.21"]
[Round "4"]
[White "Steiger, Wallfried"]
[Black "Müller, Manfred"]
[Result "0-1"]
[WhiteElo "1960"]
[BlackElo "2129"]
[PlyCount "78"]

1. d4 Nf6 2. Nf3 b6 3. Bf4 Bb7 4. e3 e6 5. Bd3 d5 6. O-O Ba6 7. Bxa6 Nxa6 8. c4
Nb8 9. Nc3 Be7 10. Nb5 Bd6 11. Bxd6 cxd6 12. cxd5 Nxd5 13. Qa4 O-O 14. Qa3 Nc6
15. Nxd6 Ncb4 16. Ne4 Nc2 17. Qd3 Nxa1 18. Neg5 g6 19. Rxa1 Rc8 20. h4 Qc7 21.
e4 Nf6 22. Ne5 h6 23. Nxg6 fxg6 24. Nxe6 Qc2 25. Qxc2 Rxc2 26. Nxf8 Kxf8 27. f3
Rxb2 28. a4 Nh5 29. d5 Nf4 30. g3 Ne2+ 31. Kf2 Nd4+ 32. Kf1 Nxf3 33. Rc1 Nd2+
34. Ke1 Nxe4 35. Rc7 a5 36. g4 Rg2 37. Rh7 h5 38. gxh5 gxh5 39. Rxh5 Rg4 0-1

[Event "Bad Woerishofen open"]
[Site "Bad Woerishofen"]
[Date "2004.03.21"]
[Round "4"]
[White "Holl, Andreas"]
[Black "Rahl, Peter"]
[Result "1/2-1/2"]
[WhiteElo "2182"]
[BlackElo "2366"]
[PlyCount "91"]
[EventDate "2004.03.19"]

1. d4 Nf6 2. c4 d6 3. Nc3 Nbd7 4. g3 e5 5. Nf3 c6 6. Bg2 e4 7. Ng5 d5 8. cxd5
cxd5 9. O-O Bb4 10. f3 Bxc3 11. fxe4 h6 12. Nxf7 Kxf7 13. bxc3 dxe4 14. Bxe4
Nb6 15. Qd3 Be6 16. Bxb7 Rb8 17. Qf3 Qd7 18. Bc6 Qc8 19. Qh5+ Kg8 20. Rxf6 Qxc6
21. Rxh6 Rxh6 22. Bxh6 Qxc3 23. Rd1 Bd5 24. Qe5 Rb7 25. Rc1 Qb4 26. e4 Bxa2 27.
Qe8+ Kh7 28. Be3 Qe7 29. Qh5+ Kg8 30. d5 Bxd5 31. Bxb6 Qd7 32. Qxd5+ Qxd5 33.
exd5 Rxb6 34. Kf2 Rb2+ 35. Ke3 Rxh2 36. Rc7 Ra2 37. Ke4 Kf8 38. Ke5 Re2+ 39.
Kd6 Rg2 40. Rc8+ Kf7 41. Rc3 Rd2 42. Rc5 g5 43. Kc7 Ke7 44. d6+ Rxd6 45. Re5+
Re6 46. Rxg5 1/2-1/2

[Event "Bad Woerishofen open"]
[Site "Bad Woerishofen"]
[Date "2004.03.21"]
[Round "4"]
[White "Galdunts, Sergeij"]
[Black "Hermann, Manfred"]
[Result "1-0"]
[WhiteElo "2506"]
[BlackElo "2318"]
[PlyCount "89"]
[EventDate "2004.03.19"]

1. e4 e5 2. Nf3 Nc6 3. Nc3 Nf6 4. g3 d5 5. exd5 Nxd5 6. Bg2 Nxc3 7. bxc3 Bc5 8.
O-O O-O 9. d3 Bg4 10. h3 Bh5 11. Qe1 Re8 12. Qe4 Qd6 13. Nh4 Qe6 14. Re1 Rad8
15. g4 Bg6 16. Nxg6 hxg6 17. Bg5 Rd6 18. Re2 Bb6 19. Qa4 Qd7 20. Qb3 Na5 21.
Qa3 f6 22. Be3 g5 23. c4 Bxe3 24. fxe3 b6 25. c5 Rde6 26. Be4 R6e7 27. Qc3 c6
28. Rb1 Qc7 29. Rh2 Kf7 30. h4 gxh4 31. Rxh4 Rf8 32. a4 Ree8 33. g5 Rh8 34. g6+
Ke6 35. Rxh8 Rxh8 36. Qb2 f5 37. Qa2+ Kf6 38. Rf1 Rh5 39. Bxf5 Rg5+ 40. Kh1
Rh5+ 41. Kg2 Kg5 42. Qe6 e4 43. Bh3 Kh6 44. Rf8 Rg5+ 45. Bg4 1-0

[Event "Bad Woerishofen open"]
[Site "Bad Woerishofen"]
[Date "2004.03.21"]
[Round "4"]
[White "Palo, Davor"]
[Black "Otterstaetter, Stefan"]
[Result "1-0"]
[WhiteElo "2505"]
[BlackElo "2178"]
[PlyCount "101"]
[EventDate "2004.03.19"]

1. d4 d5 2. c4 c6 3. Nf3 Nf6 4. Nc3 dxc4 5. a4 Bf5 6. e3 e6 7. Bxc4 Bb4 8. O-O
Nbd7 9. Qe2 Bg4 10. h3 Bxf3 11. Qxf3 O-O 12. Rd1 Rc8 13. Ne4 Qa5 14. Nxf6+ Nxf6
15. e4 e5 16. Bg5 Be7 17. Qf5 Qb4 18. dxe5 Qxc4 19. exf6 Bxf6 20. Bxf6 gxf6 21.
Qxf6 Qe6 22. Qxe6 fxe6 23. Rd7 Rf7 24. Rad1 Rc7 25. R7d6 Rce7 26. b4 a6 27. f3
Rf8 28. Kf2 Kf7 29. Rc1 Rc7 30. Rc5 Ke7 31. Rd2 Rd8 32. Rxd8 Kxd8 33. Ke3 b6
34. Rh5 Rg7 35. g4 Kc7 36. f4 Kd6 37. Rh6 c5 38. bxc5+ Kxc5 39. Rxe6 Rb7 40. f5
b5 41. axb5 axb5 42. f6 Ra7 43. Re5+ Kc4 44. Rf5 Rf7 45. Rf1 b4 46. Rc1+ Kb3
47. e5 Ka2 48. Rf1 b3 49. e6 Rf8 50. e7 Re8 51. Kd4 1-0

[Event "Bad Woerishofen open"]
[Site "Bad Woerishofen"]
[Date "2004.03.21"]
[Round "4"]
[White "Donchenko, Anatoly"]
[Black "Fischer, Johann"]
[Result "1-0"]
[WhiteElo "2409"]
[BlackElo "2288"]
[PlyCount "81"]
[EventDate "2004.03.19"]

1. Nf3 Nf6 2. c4 c6 3. d4 d5 4. Qc2 Bg4 5. Ne5 Be6 6. cxd5 Nxd5 7. a3 g6 8. e4
Nc7 9. Be3 Bg7 10. Nc3 O-O 11. Rd1 Nd7 12. Nf3 Nb6 13. Be2 Bc4 14. h4 Qd7 15.
h5 Bxe2 16. Nxe2 Qe6 17. hxg6 hxg6 18. d5 Qg4 19. Kf1 Rac8 20. dxc6 Nb5 21. Qb3
bxc6 22. a4 Nd6 23. Rh4 Qe6 24. Qxe6 fxe6 25. Ned4 Ndc4 26. b3 Nxe3+ 27. fxe3
Bxd4 28. exd4 c5 29. dxc5 Rxc5 30. Ke2 Rc2+ 31. Rd2 Rxd2+ 32. Kxd2 a5 33. Rg4
Nd7 34. Rxg6+ Kf7 35. Rg5 Rb8 36. Rb5 Rg8 37. Rxa5 Rxg2+ 38. Ke3 Rb2 39. Rb5 e5
40. Kd3 Ke6 41. Nd2 1-0

[Event "Bad Woerishofen open"]
[Site "Bad Woerishofen"]
[Date "2004.03.21"]
[Round "4"]
[White "Kengis, Edvins"]
[Black "Lieb, Harald"]
[Result "1-0"]
[WhiteElo "2572"]
[BlackElo "2336"]
[PlyCount "69"]
[EventDate "2004.03.19"]

1. Nf3 Nf6 2. g3 d5 3. Bg2 c6 4. O-O Bf5 5. d3 Nbd7 6. Nh4 Bg6 7. Nd2 e6 8. e4
dxe4 9. dxe4 Bc5 10. Qe1 Qc7 11. a4 a5 12. Nc4 O-O 13. Bd2 b6 14. Nxg6 hxg6 15.
e5 Nd5 16. Kh1 Rfe8 17. f4 Bb4 18. Rd1 b5 19. Bxb4 bxc4 20. Ba3 Qb6 21. Rf3 Nc5
22. g4 Nxa4 23. Qh4 f5 24. gxf5 exf5 25. Rg3 Qd8 26. Rg5 Re6 27. Qg3 Kf7 28.
Bh3 Qh8 29. Rg1 Rg8 30. Rxg6 Ne7 31. Bxe7 Rxe7 32. Bxf5 Nxb2 33. Qg4 Ke8 34.
Rxc6 g5 35. Bg6+ 1-0

[Event "Bad Woerishofen open"]
[Site "Bad Woerishofen"]
[Date "2004.03.21"]
[Round "4"]
[White "Gerstner, Bernhard"]
[Black "Stabolewski, Andreas"]
[Result "0-1"]
[WhiteElo "2075"]
[BlackElo "2198"]
[PlyCount "108"]
[EventDate "2004.03.19"]

1. d4 f5 2. g3 Nf6 3. Bg2 g6 4. Nf3 Bg7 5. O-O O-O 6. c4 d6 7. Nc3 Qe8 8. d5 a5
9. Be3 Na6 10. Qc1 Bd7 11. Bh6 Qf7 12. Bxg7 Qxg7 13. Rd1 c6 14. Na4 cxd5 15.
Nb6 Rad8 16. Nxd7 Rxd7 17. cxd5 Rc7 18. Qd2 Ne4 19. Qd4 Rfc8 20. Qxg7+ Kxg7 21.
Nd4 Kf6 22. f3 Ng5 23. f4 Ne4 24. Bxe4 fxe4 25. Kf2 Nb4 26. Ke3 Nc2+ 27. Nxc2
Rxc2 28. Rd2 Rxd2 29. Kxd2 Rc5 30. Ke3 Rxd5 31. Rc1 Rb5 32. b3 d5 33. Kd4 Ke6
34. g4 Kd6 35. Rc8 Rb4+ 36. Ke3 a4 37. Rd8+ Ke6 38. bxa4 Rxa4 39. Rb8 Ra3+ 40.
Kd4 Ra4+ 41. Ke3 Ra3+ 42. Kd4 Rxa2 43. Rxb7 Rxe2 44. Rb6+ Kf7 45. Kxd5 e3 46.
Ke4 Re1 47. Rb2 e2 48. h3 h6 49. Ra2 Kf6 50. h4 Kf7 51. Rb2 Rg1 52. Rxe2 Rxg4
53. Rh2 Kf6 54. Ke3 h5 0-1

[Event "Bad Woerishofen sen"]
[Site "?"]
[Date "2004.03.22"]
[Round "5"]
[White "Bierwisch, Bernhard"]
[Black "Johannsen, Ingbert"]
[Result "1-0"]
[WhiteElo "2205"]
[BlackElo "2211"]
[PlyCount "77"]

1. e4 e5 2. Nf3 Nc6 3. Bb5 a6 4. Ba4 Nf6 5. d3 b5 6. Bb3 Be7 7. O-O O-O 8. Qe2
d6 9. c3 Na5 10. Bc2 c5 11. Rd1 Qc7 12. Nbd2 Nc6 13. Nf1 b4 14. Ne3 Be6 15. d4
exd4 16. cxd4 cxd4 17. Nxd4 Nxd4 18. Rxd4 a5 19. Nd5 Bxd5 20. exd5 Rfc8 21. Bf5
Re8 22. Be3 g6 23. Bd3 Nd7 24. Rc1 Qb7 25. Bb5 Bf6 26. Bc6 Qc7 27. Rdc4 Rad8
28. Ba4 Qb7 29. Rc7 Qxd5 30. Bxd7 Re7 31. Bc6 Qxa2 32. Rxe7 Bxe7 33. Bb6 Bg5
34. Rd1 Rb8 35. Bd5 Qa4 36. b3 Qd7 37. Bxa5 Bf6 38. Qc4 Bc3 39. Qc7 1-0

[Event "Bad Woerishofen open"]
[Site "?"]
[Date "2004.03.22"]
[Round "5"]
[White "Ruck, Robert"]
[Black "Ivanov, Mikail"]
[Result "1-0"]
[WhiteElo "2556"]
[BlackElo "2421"]
[PlyCount "78"]

1. d4 g6 2. c4 Bg7 3. Nf3 d6 4. Nc3 c5 5. d5 f5 6. Qa4+ Bd7 7. Qb3 Na6 8. e4
Qb6 9. Bd3 Qxb3 10. axb3 Nb4 11. Bb1 fxe4 12. Nxe4 Nf6 13. Nfg5 Ng4 14. f3 Ne5
15. Nf2 O-O 16. O-O h6 17. Ne6 Bxe6 18. dxe6 g5 19. Be4 Nec6 20. h4 gxh4 21.
Ng4 Bd4+ 22. Kh2 h5 23. Nh6+ Kg7 24. Nf5+ Rxf5 25. Bxf5 Kf6 26. Be4 Kxe6 27.
Bg5 Bxb2 28. Rae1 Kf7 29. Bxh4 Bc3 30. Re3 Bd4 31. Re2 Rb8 32. f4 a5 33. Bf5
Kf8 34. Rf3 Bg7 35. Rh3 Re8 36. Be4 Nd4 37. Rf2 a4 38. bxa4 e6 39. f5 exf5 {ZUe
} 1-0

[Event "Bad Woerishofen open"]
[Site "?"]
[Date "2004.03.22"]
[Round "5"]
[White "Peschlow, Patrick"]
[Black "Hedke, Fred"]
[Result "1-0"]
[WhiteElo "2231"]
[BlackElo "2356"]
[PlyCount "63"]

1. e4 e5 2. Nf3 d6 3. d4 exd4 4. Nxd4 Nf6 5. Nc3 Be7 6. Bf4 O-O 7. Qd2 a6 8.
O-O-O b5 9. f3 Be6 10. Nf5 Bxf5 11. exf5 Nbd7 12. Kb1 Nb6 13. g4 d5 14. g5 Nh5
15. Be3 c6 16. Qd4 Nc4 17. Bxc4 bxc4 18. f6 Bb4 19. fxg7 Re8 20. Bd2 Bd6 21. h4
Rb8 22. Qg4 Nxg7 23. h5 Qc8 24. Qg2 Ba3 25. Na4 d4 26. g6 fxg6 27. hxg6 h5 28.
Qg5 Rxb2+ 29. Ka1 Rb8 30. Qh6 Qe6 31. Rxh5 c3 32. Qh8# 1-0

[Event "Bad Woerishofen sen"]
[Site "?"]
[Date "2004.03.22"]
[Round "5"]
[White "Villing, Dieter"]
[Black "Walther, Diethelm"]
[Result "1/2-1/2"]
[WhiteElo "2231"]
[BlackElo "2161"]
[PlyCount "56"]

1. e4 c5 2. f4 Nc6 3. Nf3 g6 4. Bb5 Bg7 5. Bxc6 bxc6 6. d3 Rb8 7. Nbd2 Ba6 8.
e5 Nh6 9. Qe2 O-O 10. Ne4 d5 11. Neg5 Bc8 12. O-O Qd7 13. Be3 f6 14. Nh3 d4 15.
Bc1 Qd5 16. Nf2 Ng4 17. h3 Nh6 18. Ne4 Ba6 19. b3 f5 20. Neg5 e6 21. Ba3 Nf7
22. Nxf7 Rxf7 23. Ng5 Rc7 24. Qf2 Bf8 25. Kh2 Bc8 26. Rae1 Qd8 27. Qd2 Rg7 28.
c4 a5 1/2-1/2

[Event "Bad Woerishofen sen"]
[Site "?"]
[Date "2004.03.22"]
[Round "5"]
[White "Neese, Hans-Joachim"]
[Black "Goy, Udo"]
[Result "1-0"]
[WhiteElo "2214"]
[BlackElo "2257"]
[PlyCount "63"]

1. d4 Nf6 2. Nf3 e6 3. c4 c5 4. d5 exd5 5. cxd5 d6 6. Nc3 g6 7. e4 Bg7 8. h3
O-O 9. Be3 a6 10. a4 Re8 11. Nd2 b6 12. Be2 Bb7 13. O-O Nbd7 14. Qc2 Qc7 15.
Rad1 Rad8 16. Bg5 h6 17. Bh4 g5 18. Bg3 Ne5 19. f4 gxf4 20. Rxf4 Ng6 21. Rff1
Nd7 22. Nc4 Nde5 23. Ne3 Kh7 24. Nf5 Rg8 25. b3 Bf8 26. Kh2 Bc8 27. Rc1 Ne7 28.
Bxe5 Nxf5 29. Bf6 Rxg2+ 30. Kh1 Ne3 31. Qd3 Rg3 32. Rf3 1-0

[Event "Bad Woerishofen sen"]
[Site "?"]
[Date "2004.03.22"]
[Round "5"]
[White "Niebling, Ferdinand"]
[Black "Igney, Volkhard"]
[Result "1/2-1/2"]
[WhiteElo "2168"]
[BlackElo "2230"]
[PlyCount "37"]

1. e4 c6 2. d4 d5 3. e5 c5 4. dxc5 e6 5. Be3 Nh6 6. f4 Nd7 7. Nf3 Nf5 8. Bf2
Bxc5 9. Bxc5 Nxc5 10. Bb5+ Bd7 11. Bxd7+ Nxd7 12. Qd2 Qb6 13. Nc3 O-O 14. O-O-O
Ne3 15. Na4 Qa6 16. Qxe3 Qxa4 17. Kb1 Rac8 18. c3 Rc6 19. Rd4 1/2-1/2

[Event "Bad Woerishofen open"]
[Site "?"]
[Date "2004.03.22"]
[Round "5"]
[White "Bourmakin, Vladimir"]
[Black "Senff, Martin"]
[Result "1-0"]
[WhiteElo "2596"]
[BlackElo "2443"]
[PlyCount "99"]

1. d4 d5 2. Nf3 Nf6 3. c4 e6 4. g3 Be7 5. Bg2 O-O 6. O-O dxc4 7. Qc2 a6 8. a4
Bd7 9. Bg5 Bc6 10. Bxf6 Bxf6 11. Rd1 a5 12. Qxc4 Na6 13. Nc3 Bd5 14. Qd3 Nb4
15. Qd2 b6 16. e4 Bb7 17. Rac1 Qd7 18. Qf4 Rfd8 19. Rd2 Rac8 20. Rcd1 Qe8 21.
Bh3 c6 22. Bf1 Ba6 23. Bxa6 Nxa6 24. h4 b5 25. e5 Be7 26. axb5 cxb5 27. d5 b4
28. Ne4 exd5 29. Rxd5 Rxd5 30. Rxd5 Qc6 31. Rxa5 Rd8 32. Ra1 Nc5 33. Nxc5 Bxc5
34. Rc1 Qd5 35. Kg2 Re8 36. Rc2 h6 37. Rd2 Qc6 38. Qf5 b3 39. Rd7 Rf8 40. Rd3
Rb8 41. Rd7 Rf8 42. Rd3 Rb8 43. Rc3 Rb5 44. Qd3 Qb7 45. Qd8+ Kh7 46. Rd3 Ba3
47. Rd7 Qc6 48. Rc7 Qg6 49. Rc8 Qe4 50. h5 1-0